Biggest Cities in Asia with Exceptions - Statistics

General Stats
  • This quiz has been taken 566 times
  • The average score is 17 of 20
Answer Stats
Population City % Correct
39.50 mil Tokyo
99%
28.10 mil Jakarta
98%
17.80 mil Osaka
95%
16.90 mil Bangkok
94%
23.30 mil Manila
94%
24.40 mil Seoul
94%
13.70 mil Tehran
93%
24.30 mil Karachi
90%
6.70 mil Riyadh
88%
8.25 mil Ho Chi Minh City
87%
17.60 mil Dhaka
86%
7.00 mil Kuala Lumpur
86%
6.85 mil Baghdad
85%
14.30 mil Istanbul
84%
6.90 mil Singapore
84%
10.20 mil Lahore
82%
9.05 mil Taipei
81%
10.40 mil Nagoya
77%
5.15 mil Yangon
65%
5.95 mil Bandung
56%
No matching quizzes found
Score Distribution
Percent of People with Each Score
Percentile by Number Answered
Your Score History
You have not taken this quiz